Matemática III: Educación media, primer semestre y segundo semestre / Rafael Peña Geraldino (Registro nro. 7119)

Detalles MARC
000 -LEADER
fixed length control field 00542nam a22002051a 4500
001 - CONTROL NUMBER
control field 7119
003 - CONTROL NUMBER IDENTIFIER
control field OSt
005 - DATE AND TIME OF LATEST TRANSACTION
control field 20260204212117.0
008 - FIXED-LENGTH DATA ELEMENTS--GENERAL INFORMATION
fixed length control field 061107s1998||||dr ||||||b||||||||||spa||
050 ## - LIBRARY OF CONGRESS CALL NUMBER
Classification number RD 511 P393m
100 ## - ASIENTO PRINCIPAL -- NOMBRE PERSONAL
Personal name Peña Geraldino, Rafael
245 ## - TÍTULO PROPIAMENTE DICHO: SUBTÍTULO
Title Matemática III: Educación media, primer semestre y segundo semestre / Rafael Peña Geraldino
250 ## - MENCIÓN DE EDICIÓN
Edition statement 2
264 ## - PRODUCTION, PUBLICATION, DISTRIBUTION, MANUFACTURE, AND COPYRIGHT NOTICE
Place of production, publication, distribution, manufacture Santo Domingo : Antillana
300 ## - PHYSICAL DESCRIPTION
Extensión 222 p
490 ## - MENCIÓN DE SERIE
Series statement
500 ## - GENERAL NOTE
General note Tomo III
650 ## - ASIENTO SECUNDARIO DE MATERIA -- TERMINO TEMÁTICO
Termino Temático Como Elemento de Entrada 1.Matemáticas - EnseñanzaÌ
942 ## - ADDED ENTRY ELEMENTS (KOHA)
Source of classification or shelving scheme Dewey Decimal Classification
Koha item type Libros
Existencias
Withdrawn status Lost status Source of classification or shelving scheme Damaged status Not for loan Current library Date acquired Total Checkouts Full call number Barcode Date last seen Price effective from Koha item type
    Dewey Decimal Classification     Biblioteca UTECO 09/09/2019   RD 511 P393M 012330 09/09/2019 09/09/2019 Libros
    Dewey Decimal Classification     Biblioteca UTECO 09/09/2019   RD 511 P393M 012331 09/09/2019 09/09/2019 Libros
    Dewey Decimal Classification     Biblioteca UTECO 09/09/2019   RD 511 P393M 012332 09/09/2019 09/09/2019 Libros
    Dewey Decimal Classification     Biblioteca UTECO 09/09/2019   RD 511 P393M 012333 09/09/2019 09/09/2019 Libros
© 2021 Derechos Reservados UTECO - Teléfono: +1 809-585-2291 - Correo electrónico: biblioteca@uteco.edu.do​  
Código postal 43000 ​​
Dirección: Avenida Universitaria No. 100, 
Cotuí, Provincia Sánchez Ramírez, República Dominicana - RNC: 404-00059-6